| 000 | 00441cam a2200181ua 4500 | ||
|---|---|---|---|
| 020 | _c1.50 | ||
| 041 |
_amal _h |
||
| 082 |
_a894.81209 _bKRI/SA |
||
| 100 | _aKrishnan nair, P V . | ||
| 245 |
_aSahithyam Innu / _cP V Krishnan nair. _hTextual Documents |
||
| 250 |
_a1 / _b. |
||
| 260 |
_aEranakulam : _bC I C C Book House , _c1964. |
||
| 300 | _a102 ; . | ||
| 365 | _a1.50 | ||
| 504 | _a | ||
| 942 | _cBK | ||
| 999 |
_c11614 _d11614 |
||